UM Logo

Challenges to Cultrally Responsive Teaching in PHysical Education Teacher Education: (Record no. 24328)

MARC details
000 -LEADER
fixed length control field 00874nam a22002057a 4500
003 - CONTROL NUMBER IDENTIFIER
control field OSt
005 - DATE AND TIME OF LATEST TRANSACTION
control field 20260213164420.0
008 - FIXED-LENGTH DATA ELEMENTS--GENERAL INFORMATION
fixed length control field 260213b |||||||| |||| 00| 0 eng d
040 ## - CATALOGING SOURCE
Transcribing agency 0
082 ## - DEWEY DECIMAL CLASSIFICATION NUMBER
Classification number DPer 796.07 J826 January-October 2023 v. 42 n. 1-4
100 ## - MAIN ENTRY--PERSONAL NAME
Personal name Flory, Sara B.
Relator term author.
9 (RLIN) 69629
245 ## - TITLE STATEMENT
Title Challenges to Cultrally Responsive Teaching in PHysical Education Teacher Education:
Remainder of title A Mixed-Methods Analysis /
Statement of responsibility, etc. Sara B. Flory, Craigory V. Nieman, Rebecca C. Wylie.
260 ## - PUBLICATION, DISTRIBUTION, ETC. (IMPRINT)
Place of publication, distribution, etc. Champaign, IL ;
Name of publisher, distributor, etc. Human Kinetic, Inc. ;
Date of publication, distribution, etc. July 2023
300 ## - PHYSICAL DESCRIPTION
Extent Volume 42, pages 401-409 :
Other physical details illustration ;
Dimensions 29 cm.
500 ## - GENERAL NOTE
General note Journal of Teaching in Physical Education, vol. 42 no. 2, pages 401-409, July 2023
700 ## - ADDED ENTRY--PERSONAL NAME
Personal name Flory, Sara B.
Relator term author.
9 (RLIN) 69629
700 ## - ADDED ENTRY--PERSONAL NAME
Personal name Nieman, Craigory V.
Relator term author.
9 (RLIN) 69631
700 ## - ADDED ENTRY--PERSONAL NAME
Personal name Wylie, Rebecca C.
Relator term author.
9 (RLIN) 69630
942 ## - ADDED ENTRY ELEMENTS (KOHA)
Source of classification or shelving scheme Dewey Decimal Classification
Koha item type Periodicals
Holdings
Withdrawn status Lost status Source of classification or shelving scheme Damaged status Not for loan Collection code Home library Current library Date acquired Total Checkouts Full call number Date last seen Price effective from Koha item type Public note
    Dewey Decimal Classification     Periodicals UM Digos College - LIC UM Digos College - LIC 02/13/2026   DPer 796.07 J826 January-October 2023 v. 42 n. 1-4 02/13/2026   Periodicals Periodical Article